Τα νέα ανθολόγια του δημοτικού : πτυχιακή διπλωματική εργασία

Αποθηκεύτηκε σε:
Λεπτομέρειες βιβλιογραφικής εγγραφής
Κύριος συγγραφέας: Λούτα, Χαραλαμπία
Συγγραφή απο Οργανισμό/Αρχή: Πανεπιστήμιο Αιγαίου Σχολή Ανθρωπιστικών Σπουδών Τμήμα Δημοτικής Εκπαίδευσης
Άλλοι συγγραφείς: Καπλάνογλου, Μαριάνθη (Εισηγητής διατριβής), Μιχαήλ, Αθανάσιος (Εισηγητής διατριβής), Παπαντωνάκης, Γεώργιος Δ., 1950- (Εισηγητής διατριβής)
Μορφή: Thesis Βιβλίο
Γλώσσα:Greek
Δημοσίευση: Ρόδος : Πανεπιστήμιο Αιγαίου, Παιδαγωγικό Τμήμα Δημοτικής Εκπαίδευσης, 2007.
Θέματα:
Διαθέσιμο Online:http://hdl.handle.net/11610/6017
Ετικέτες: Προσθήκη ετικέτας
Δεν υπάρχουν, Καταχωρήστε ετικέτα πρώτοι!

MARC

LEADER 00000cam a2200000 i 4500
001 1/45296
008 070531s2007 gre d
035 |l 10088082 
040 |a GR-MY-UA  |b gre  |e aacr 
041 0 |a gre 
082 7 |a 372.64044   |2 (22) 
100 1 |a Λούτα, Χαραλαμπία. 
245 1 3 |a Τα νέα ανθολόγια του δημοτικού :   |b πτυχιακή διπλωματική εργασία /   |c Λούτα Χαραλαμπία ; Παπαντωνάκης Γεώργιος (επιβλέπων) ; συμβουλευτική επιτροπή: Καπλανόγλου Μαριάνθη, Μιχαήλ Αθανάσιος.  
260 |a Ρόδος :   |b Πανεπιστήμιο Αιγαίου, Παιδαγωγικό Τμήμα Δημοτικής Εκπαίδευσης,   |c 2007.  
300 |a 125 σ. ;   |c 30 εκ. 
500 |a Περιορισμένη πρόσβαση.  
502 |a Πτυχιακή εργασία - Πανεπιστήμιο Αιγαίου, Ρόδος, 2007. 
504 |a Βιβλιογραφία: σ. 124-125.  
610 2 0 |a University of the Aegean  |x Dissertations. 
650 0 0 |a Children's literature  |x Study and teaching (Elementary) 
650 0 0 |a Literature  |x Study and teaching (Elementary) 
650 0 0 |a Philology  |x Study and teaching  |z Greece. 
650 0 0 |a Children  |x Books and reading  |z Greece. 
650 0 0 |a Dissertations, Academic  |z Greece. 
700 1 |a Καπλάνογλου, Μαριάνθη.  |4 ths 
700 1 |a Μιχαήλ, Αθανάσιος.  |4 ths 
700 1 |a Παπαντωνάκης, Γεώργιος Δ.,   |d 1950-  |4 ths 
710 2 |a Πανεπιστήμιο Αιγαίου  |b Σχολή Ανθρωπιστικών Σπουδών  |b Τμήμα Δημοτικής Εκπαίδευσης. 
852 |a INST  |b RHODES  |c DIATR  |e 20070531  |h 372.64044 ΛΟΥ  |p 005400026582  |q 005400026582  |t DIE  |y 23 
852 |a INST  |b RHODES  |c DIATR  |e 20070531  |h 372.64044 ΛΟΥ  |p 005400026583  |q 005400026583  |t DIE  |y 23 
856 |u http://hdl.handle.net/11610/6017 
901 |a BIBL4-2007-2 
909 |a Ρ  |b 127953 
924 |a ΛΟΥΤΑ  |b ΧΑΡΑΛΑΜΠΙΑ  |y Ρόδος  |z 2007-05 
970 |a ΜΙΣΣΟΣ  |b ΣΤΑΥΡΟΣ  |z 2007/05/31